000 004540000a22001450004500
090 _aAR
_b00618
245 1 0 _aMast foraging by west Indian manatees (<Trichechus manatus>)
650 1 4 _aMamíferos acuáticos
_993274
650 1 4 _aHabitos alimentarios
_93824
653 _gTrichechus
_eTrichechus manatus
_vmanatí
041 0 _aInglés
100 1 _aO'Shea, Thomas J.
_993277
942 _cARTICULO
773 1 _tJournal of Mammalogy
_3106
_h1
_q183-185
_d1986
_g67
999 _c9710
_d9710